आद्यक्रांतिकारक वासुदेव बळवंत फडके (Record no. 494614)

MARC details
000 -LEADER
fixed length control field 00645nam a22001817a 4500
003 - CONTROL NUMBER IDENTIFIER
control field OSt
005 - DATE AND TIME OF LATEST TRANSACTION
control field 20120302151447.0
008 - FIXED-LENGTH DATA ELEMENTS--GENERAL INFORMATION
fixed length control field 091109t xxu||||| |||| 00| 0 eng d
035 ## - SYSTEM CONTROL NUMBER
System control number १५९६९
040 ## - CATALOGING SOURCE
Transcribing agency मराठी
100 ## - MAIN ENTRY--PERSONAL NAME
Personal name जोशी, द. दा.
9 (RLIN) 9871
222 ## - KEY TITLE
Key title क्रांतिकारक/ देशभक्त/ चरित्र
245 ## - TITLE STATEMENT
Title आद्यक्रांतिकारक वासुदेव बळवंत फडके
250 ## - EDITION STATEMENT
Edition statement १ ली
260 ## - PUBLICATION, DISTRIBUTION, ETC. (IMPRINT)
Place of publication, distribution, etc पुणे
Name of publisher, distributor, etc विष्णुकृपा
Date of publication, distribution, etc १९९३
300 ## - PHYSICAL DESCRIPTION
Other physical details ७३ पाने
942 ## - ADDED ENTRY ELEMENTS (KOHA)
Source of classification or shelving scheme Dewey Decimal Classification
Koha item type Book

No items available.